000 01294 a2200229 4500
001 54040
005 20260407155811.0
008 260407a1970 arg spa d
003 AR-UNSa-BCEJYS
040 _aAR-UNSa-BCEJYS
_bspa
_cAR-UNSa-BCEJYS
080 _a330
_xEconomía en general
245 1 0 _aRacionalidad e irracionalidad en economía
250 _a2a. ed
264 1 _aMéxico :
_bSiglo Veintiuno editores
_c1970
300 _a313 p.
_c21 cm.
505 _a1. El Tema: El punto de partida: 1.1. La racionalidad de los sistemas económicos: ¿Cuestión de ideología o problema científico? - 1.2. La racionalidad económica - 1.3. La distancia recorrida - 2. Racionalidad de la teoría económica: 2.1. Economía política y filosofía - 2.2. Las estructuras del método de "El capital" de Karl Marx - 2.3. Algunos aspectos del método de "El capital" - 2.4. La medida del valor: Problemas de administración óptima de una economía socialista - 5. Teoría marginalista y teoría marxista del valor y de los precios: Algunas hipótesis - 3. Racionalidad de los sistemas económicos: 3.1. Objeto y método de la antropología económica.
041 _aspa
942 _cBK
590 _aniveau_biblio:m niveau_hierar:0
100 1 _aGodelier, Maurice
700 1 _aBlanc, Nicole
999 _c5324
_d5324